00609nam a2200133 a 450000100100000000500170001000800410002704000250006824501480009326000710024130000440031295201040035699900150046000000796720200929154354.0090914s2000 dr acd 000 0 spa d aDO-SdBNPbspacBNPHU03aLa situación de la mujer privada de libertad en las cárceles dominicanas :bproyecto fortaleciendo la justicia para afianzar la democracia. aSanto Domingo :bCentro de Servicios Legales para la Mujer,c2000. a64 p. :bil., gráf., retrs. ;c22 cm. 0010718PDaPDbPDcCTd2009-09-14iLF1l0o p7967-10r2020-06-25w2020-06-25yLFPDZNo se presta c7745d7745